00789nam a22002057a 4500003000400000005001700004008004100021020001500062040001400077100003000091245019200121260004800313260003600361260001700397300001600414650003100430650004900461650003900510650003400549OSt20131213162149.0130607s2005 sp ||||| |||| 00| 0 spa d a8430943501 cCDMRbcat1 aGutiérrez Palacio, Juan10aRepública, periodismo y literaturab: la cuestión política en el periodismo literario durante la Segunda República Española : Antología (1931-1936)cJavier Gutiérrez Palacio aMadridbAsociación de la Prensa de Madrid bCentro Universitario Villanueva bTecnosc2005 a991 p.bil.04aPremsazEspanyay1931-193604aPeriodisme i literaturaxAspectes polítics04aRepublicanismezEspanyay1931-193604aPeriodistesvRecull d'escrits